[Event "European Seniors Teams Ch."]
[Site "Olympus"]
[Date "2011.05.08"]
[Round "6"]
[Board "4"]
[White "Jorgensen, Jorgen"]
[Black "Illi, Hans-Joerg"]
[Result "1/2-1/2"]
[WhiteElo "2221"]
[BlackElo "2141"]
[PlyCount "32"]
[EventDate "2011.05.03"]
[EventType "team"]
[EventRounds "9"]
[EventCountry "GRE"]
[WhiteTeam "Denmark 1"]
[BlackTeam "Switzerland"]

1.Nf3 Nf6 2.g3 d5 3.Bg2 c6 4.b3 g6 5.Bb2 Bg7 6.d3 Bg4 7.Nbd2 Qc8 8.h3 Bxf3
9.Nxf3 O-O 10.O-O a5 11.a3 Nbd7 12.c4 e6 13.Qc2 Nh5 14.Bxg7 Nxg7 15.b4 Qc7 16.c5
e5 1/2-1/2

[Event "European Seniors Teams Ch."]
[Site "Olympus"]
[Date "2011.05.08"]
[Round "6"]
[Board "1"]
[White "Watzka, Horst"]
[Black "Rantanen, Yrjo A"]
[Result "0-1"]
[WhiteElo "2274"]
[BlackElo "2373"]
[PlyCount "90"]
[EventDate "2011.05.03"]
[EventType "team"]
[EventRounds "9"]
[EventCountry "GRE"]
[WhiteTeam "Steiermark, Austria"]
[BlackTeam "Finland 1"]

1.e4 c5 2.Nf3 Nc6 3.Bb5 e6 4.O-O Nge7 5.c3 d5 6.exd5 Qxd5 7.d4 cxd4 8.c4 Qh5
9.Nxd4 Qxd1 10.Rxd1 Bd7 11.Nc3 Nxd4 12.Bxd7+ Kxd7 13.Rxd4+ Kc6 14.Rd3 Ng6 15.Ne2
Bc5 16.Nd4+ Bxd4 17.Rxd4 e5 18.Rd1 Rhd8 19.Be3 a5 20.g3 Nf8 21.f4 exf4 22.Bxf4
Ne6 23.Be3 Nc5 24.b3 b6 25.Kf1 Re8 26.Bd4 f6 27.Re1 Rad8 28.Rxe8 Rxe8 29.Rd1 g6
30.Bf2 Ne4 31.a3 Nxf2 32.Kxf2 Re4 33.Kf3 f5 34.a4 Re5 35.h3 Kc5 36.g4 Kb4 37.g5
Kxb3 38.Rb1+ Kxa4 39.Rxb6 Rc5 40.Rb7 Rxc4 41.Rxh7 Kb3 42.h4 a4 43.h5 gxh5
44.Rxh5 Rg4 45.Rh3 a3 0-1

[Event "European Seniors Teams Ch."]
[Site "Olympus"]
[Date "2011.05.08"]
[Round "6"]
[Board "2"]
[White "Westerinen, Heikki M J"]
[Black "Kratschmer, Heinz"]
[Result "1-0"]
[WhiteElo "2350"]
[BlackElo "2177"]
[PlyCount "53"]
[EventDate "2011.05.03"]
[EventType "team"]
[EventRounds "9"]
[EventCountry "GRE"]
[WhiteTeam "Finland 1"]
[BlackTeam "Steiermark, Austria"]

1.e4 c5 2.Nf3 g6 3.c3 Bg7 4.d4 cxd4 5.cxd4 d5 6.exd5 Nf6 7.Bb5+ Nbd7 8.d6 Qa5+
9.Nc3 Ne4 10.Qa4 Qxa4 11.Bxa4 Nxd6 12.Nd5 Rb8 13.Bf4 b5 14.Bb3 Bb7 15.O-O Bxd5
16.Bxd5 Rb6 17.Rac1 e6 18.Bb3 Ke7 19.Rc7 a5 20.Ne5 Bxe5 21.dxe5 Ne8 22.Ra7 Rc6
23.Bg5+ f6 24.exf6+ Nexf6 25.Bxf6+ Kxf6 26.Rxd7 a4 27.Bd1 1-0

[Event "European Seniors Teams Ch."]
[Site "Olympus"]
[Date "2011.05.08"]
[Round "6"]
[Board "3"]
[White "Nickl, Klaus"]
[Black "Hurme, Harri"]
[Result "0-1"]
[WhiteElo "2149"]
[BlackElo "2277"]
[PlyCount "166"]
[EventDate "2011.05.03"]
[EventType "team"]
[EventRounds "9"]
[EventCountry "GRE"]
[WhiteTeam "Steiermark, Austria"]
[BlackTeam "Finland 1"]

1.d4 Nf6 2.Nf3 e6 3.e3 d5 4.Bd3 c5 5.c3 Bd6 6.Nbd2 Nbd7 7.O-O O-O 8.Re1 Qc7 9.h3
h6 10.e4 dxe4 11.Nxe4 Nxe4 12.Bxe4 Nf6 13.Bc2 cxd4 14.Nxd4 Bd7 15.Qf3 Be5 16.Qe3
Bh2+ 17.Kh1 Bd6 18.Kg1 Rfe8 19.Qd3 Bf8 20.Qf3 Nd5 21.Be3 g6 22.Bb3 Nxe3 23.Qxe3
Bg7 24.Rad1 a6 25.Rd2 Re7 26.Red1 Be8 27.Nf3 Rd7 28.Rxd7 Bxd7 29.h4 Re8 30.h5
gxh5 31.Nd4 e5 32.Qg3 Qb6 33.Nc2 Be6 34.Ne3 Bxb3 35.axb3 Qxb3 36.Rd6 Qxb2
37.Rxh6 Qxc3 38.Rxh5 Kf8 39.Rg5 e4 40.Qd6+ Kg8 41.Qd7 Re6 42.Qxb7 Qe1+ 43.Nf1
Qa1 44.Qb8+ Kh7 45.Qf4 Qf6 46.Rf5 Qh6 47.Qg4 Kg8 48.Ne3 Kf8 49.Rd5 Qg6 50.Rg5
Qh7 51.Rh5 Qg6 52.Rg5 Qf6 53.g3 Rc6 54.Nf5 Rc1+ 55.Kg2 Qc6 56.Ne3 Qh6 57.Rh5 Qe6
58.Qxe6 fxe6 59.Ra5 Rc6 60.Ra4 Ke7 61.Rxe4 a5 62.Ra4 Bc3 63.Kf3 Kd7 64.g4 Rc5
65.Ke4 Kc6 66.f4 Kb5 67.Ra2 Kb4 68.Rg2 a4 69.f5 Kb3 70.fxe6 Re5+ 71.Kd3 Rxe6
72.g5 Rd6+ 73.Ke4 a3 74.Nd5 Bg7 75.Rg3+ Ka4 76.Rg2 Ra6 77.Ne3 Kb3 78.Nf5 Bb2
79.Nd4+ Kc4 80.g6 Bxd4 81.g7 Bxg7 82.Rxg7 a2 83.Rc7+ Kb5 0-1

[Event "European Seniors Teams Ch."]
[Site "Olympus"]
[Date "2011.05.08"]
[Round "6"]
[Board "4"]
[White "Havansi, Erkki E T"]
[Black "Pitzl, Konstantinos"]
[Result "1-0"]
[WhiteElo "2248"]
[BlackElo "2095"]
[PlyCount "71"]
[EventDate "2011.05.03"]
[EventType "team"]
[EventRounds "9"]
[EventCountry "GRE"]
[WhiteTeam "Finland 1"]
[BlackTeam "Steiermark, Austria"]

1.c4 Nf6 2.Nf3 g6 3.b3 Bg7 4.Bb2 O-O 5.g3 d6 6.d4 Nbd7 7.Bg2 c6 8.O-O Qc7 9.d5
c5 10.Re1 Ng4 11.Bxg7 Kxg7 12.e4 a6 13.Ng5 Ngf6 14.f4 Rb8 15.Qe2 h6 16.Nf3 b5
17.e5 Ne8 18.Nbd2 Nb6 19.Nh4 bxc4 20.bxc4 Na4 21.Nb3 e6 22.Qc2 Rg8 23.dxe6 Bxe6
24.exd6 Qd7 25.Rad1 Nf6 26.Nf3 Bf5 27.Qc1 Be4 28.Qa1 Bxf3 29.Bxf3 Rge8 30.Re5
Kh7 31.Nxc5 Nxc5 32.Rxc5 Ne4 33.Rc7 Qf5 34.Rd5 Qxd5 35.cxd5 Nxd6 36.Rc1 1-0

[Event "European Seniors Teams Ch."]
[Site "Olympus"]
[Date "2011.05.08"]
[Round "6"]
[Board "1"]
[White "Macdonald-Ross, Michael"]
[Black "Danner, Georg"]
[Result "0-1"]
[WhiteElo "2157"]
[BlackElo "2416"]
[PlyCount "56"]
[EventDate "2011.05.03"]
[EventType "team"]
[EventRounds "9"]
[EventCountry "GRE"]
[WhiteTeam "England 2"]
[BlackTeam "Austria"]

1.d4 Nf6 2.Nf3 e6 3.e3 c5 4.Bd3 b6 5.O-O Bb7 6.Nbd2 d5 7.b3 Nc6 8.Bb2 Qc7 9.a3
cxd4 10.exd4 Bd6 11.Re1 Ne7 12.c4 O-O 13.Rc1 dxc4 14.bxc4 Ng6 15.Qb3 Bf4 16.Rc2
Rac8 17.Qa2 Bxd2 18.Nxd2 Bxg2 19.Bxg6 Ng4 20.Bxh7+ Kxh7 21.Re5 Nxe5 22.Kxg2 Nd3
23.Rc3 Qc6+ 24.d5 Nf4+ 25.Kf1 exd5 26.Rg3 Ng6 27.cxd5 Qb5+ 28.Kg1 Rc2 0-1

[Event "European Seniors Teams Ch."]
[Site "Olympus"]
[Date "2011.05.08"]
[Round "6"]
[Board "2"]
[White "Hoelzl, Franz"]
[Black "Ashby, Anthony C"]
[Result "1-0"]
[WhiteElo "2342"]
[BlackElo "2151"]
[PlyCount "39"]
[EventDate "2011.05.03"]
[EventType "team"]
[EventRounds "9"]
[EventCountry "GRE"]
[WhiteTeam "Austria"]
[BlackTeam "England 2"]

1.d4 Nf6 2.Nf3 e6 3.c4 c5 4.d5 b5 5.dxe6 fxe6 6.cxb5 Bb7 7.Nc3 d5 8.g3 Bd6 9.Bh3
d4 10.Na4 Qe7 11.O-O O-O 12.b4 e5 13.bxc5 Bxc5 14.Nxc5 Qxc5 15.Qb3+ Bd5 16.Be6+
Bxe6 17.Qxe6+ Kh8 18.Nxe5 Qd5 19.Qxd5 Nxd5 20.Bb2 1-0

[Event "European Seniors Teams Ch."]
[Site "Olympus"]
[Date "2011.05.08"]
[Round "6"]
[Board "3"]
[White "Reuben, Stewart"]
[Black "Ager, Josef"]
[Result "0-1"]
[WhiteElo "2140"]
[BlackElo "2188"]
[PlyCount "56"]
[EventDate "2011.05.03"]
[EventType "team"]
[EventRounds "9"]
[EventCountry "GRE"]
[WhiteTeam "England 2"]
[BlackTeam "Austria"]

1.c4 g6 2.Nc3 Bg7 3.g3 c5 4.Bg2 Nc6 5.e3 e6 6.Nge2 Nge7 7.d4 cxd4 8.exd4 d5
9.cxd5 Nxd5 10.O-O O-O 11.Nxd5 exd5 12.Be3 Bg4 13.Re1 Qd7 14.Qd2 Bh3 15.Bh1 Bf5
16.Nc3 Nb4 17.Rad1 Rfe8 18.Bh6 Bh8 19.Rxe8+ Rxe8 20.a3 Nc6 21.Be3 Be6 22.b4 Ne7
23.Qd3 Rc8 24.Rc1 Nf5 25.a4 Rc4 26.Ne2 Qxa4 27.Nf4 Nxe3 28.fxe3 Rxc1+ 0-1

[Event "European Seniors Teams Ch."]
[Site "Olympus"]
[Date "2011.05.08"]
[Round "6"]
[Board "4"]
[White "Singer, Hans"]
[Black "Scholes, James E"]
[Result "1/2-1/2"]
[WhiteElo "2274"]
[BlackElo "2110"]
[PlyCount "87"]
[EventDate "2011.05.03"]
[EventType "team"]
[EventRounds "9"]
[EventCountry "GRE"]
[WhiteTeam "Austria"]
[BlackTeam "England 2"]

1.c4 c5 2.Nc3 Nc6 3.Nf3 e5 4.d3 h6 5.g3 g6 6.Bg2 Bg7 7.O-O d6 8.Ne1 Nge7 9.Nc2
O-O 10.Rb1 Rb8 11.b4 b6 12.a3 Be6 13.Ne3 Qd7 14.Ned5 f5 15.b5 Nd8 16.e3 Bf7
17.a4 Ne6 18.Nxe7+ Qxe7 19.a5 Nc7 20.axb6 axb6 21.Ra1 Qd8 22.Qb3 Be6 23.Ra7 Rf7
24.Bd2 g5 25.f4 exf4 26.exf4 Bd4+ 27.Kh1 Qf6 28.Ne2 Re8 29.Nxd4 Qxd4 30.fxg5 d5
31.cxd5 Nxd5 32.Rxf7 Nc7 33.Qc2 Bxf7 34.Bc3 Qd6 35.Rxf5 Nxb5 36.gxh6 Nd4 37.Bxd4
Qxd4 38.h7+ Kg7 39.h4 Re1+ 40.Rf1 Rxf1+ 41.Bxf1 Kxh7 42.Bg2 Bg6 43.Qb3 Qxd3
44.Qxb6 1/2-1/2

[Event "European Seniors Teams Ch."]
[Site "Olympus"]
[Date "2011.05.08"]
[Round "6"]
[Board "1"]
[White "Bachmann, Karlheinz"]
[Black "Rooze, Jan"]
[Result "1/2-1/2"]
[WhiteElo "2282"]
[BlackElo "2333"]
[PlyCount "62"]
[EventDate "2011.05.03"]
[EventType "team"]
[EventRounds "9"]
[EventCountry "GRE"]
[WhiteTeam "Sportfreunde, Katernberg"]
[BlackTeam "Belgium"]

1.d4 Nf6 2.Nf3 e6 3.g3 b5 4.Bg2 Bb7 5.O-O Be7 6.b3 O-O 7.c4 bxc4 8.bxc4 c5 9.Qb3
Qb6 10.Ba3 Ne4 11.Nfd2 Nxd2 12.Nxd2 Bxg2 13.Kxg2 Nc6 14.dxc5 Qa5 15.Qe3 Rab8
16.Rab1 f5 17.Rxb8 Rxb8 18.Rb1 Rxb1 19.Nxb1 Bf6 20.Qd2 Qc7 21.Bb2 Bxb2 22.Qxb2
Na5 23.Qb5 Nb7 24.Nd2 Nxc5 25.Nb3 Ne4 26.c5 Nc3 27.Qa6 h6 28.f3 Kh7 29.Kf2 Nd1+
30.Ke1 Ne3 31.Qd3 Nd5 1/2-1/2

[Event "European Seniors Teams Ch."]
[Site "Olympus"]
[Date "2011.05.08"]
[Round "6"]
[Board "2"]
[White "Van Herck, Marcel"]
[Black "Rosen, Willy"]
[Result "1/2-1/2"]
[WhiteElo "2135"]
[BlackElo "2285"]
[PlyCount "74"]
[EventDate "2011.05.03"]
[EventType "team"]
[EventRounds "9"]
[EventCountry "GRE"]
[WhiteTeam "Belgium"]
[BlackTeam "Sportfreunde, Katernberg"]

1.e4 c5 2.Nf3 Nc6 3.d4 cxd4 4.Nxd4 Qb6 5.Nb3 Nf6 6.Nc3 e6 7.Qe2 Bb4 8.Bd2 d6
9.g4 h6 10.O-O-O e5 11.Be3 Qd8 12.Nd5 Nxg4 13.Nxb4 Nxb4 14.Bd2 Nc6 15.Rg1 Nf6
16.Rxg7 Be6 17.f4 Qe7 18.Bc3 O-O-O 19.Na5 Nxa5 20.Bxa5 Rdg8 21.Rxg8+ Rxg8 22.f5
Bd7 23.Bb4 Ne8 24.Qf2 Kb8 25.Qd2 Bc6 26.Qxh6 Bxe4 27.Bb5 Bxf5 28.Bxe8 Qxe8
29.Bxd6+ Ka8 30.Qf6 Qc8 31.Bc7 Qxc7 32.Qxf5 Re8 33.Qd7 Qxd7 34.Rxd7 f5 35.h4 Kb8
36.Kd2 f4 37.Rf7 Rh8 1/2-1/2

[Event "European Seniors Teams Ch."]
[Site "Olympus"]
[Date "2011.05.08"]
[Round "6"]
[Board "3"]
[White "Nautsch, Werner"]
[Black "Schuermans, Robert"]
[Result "0-1"]
[WhiteElo "2243"]
[BlackElo "2085"]
[PlyCount "104"]
[EventDate "2011.05.03"]
[EventType "team"]
[EventRounds "9"]
[EventCountry "GRE"]
[WhiteTeam "Sportfreunde, Katernberg"]
[BlackTeam "Belgium"]

1.d4 d5 2.c4 Nc6 3.Nc3 dxc4 4.Nf3 Nf6 5.e4 Bg4 6.Be3 e6 7.Bxc4 Bb4 8.Qd3 O-O
9.Nd2 a6 10.O-O b5 11.Bb3 Bc5 12.d5 Nb4 13.Qb1 Bxe3 14.fxe3 exd5 15.e5 Nh5
16.Bd1 Qg5 17.Bxg4 Qxg4 18.a3 Nc6 19.Qd1 Qg5 20.Nxd5 Qxe5 21.Nf3 Qe6 22.Rc1 Ne7
23.Nxc7 Qxe3+ 24.Kh1 Rad8 25.Qe1 Nd5 26.Nxa6 Nhf4 27.Nb4 Qxe1 28.Nxe1 Ne2 29.Ra1
Nxb4 30.axb4 Rd2 31.Ra5 Rd1 32.Rxb5 Re8 33.g3 Nd4 34.Rd5 Rdxe1 35.Rxe1 Rxe1+
36.Kg2 Ne6 37.Kf3 Rb1 38.Rd2 Rc1 39.Ke3 Rc4 40.b5 Rb4 41.Rc2 Kf8 42.Kd3 Rxb5
43.Re2 Ke7 44.Kc4 Rc5+ 45.Kb4 Kd6 46.Ka4 Kc6 47.b4 Rc1 48.Rf2 Nd4 49.Ka3 f6
50.Kb2 Rc4 51.h4 Rxb4+ 52.Kc3 Kc5 0-1

[Event "European Seniors Teams Ch."]
[Site "Olympus"]
[Date "2011.05.08"]
[Round "6"]
[Board "4"]
[White "Hajenius, Willem"]
[Black "Armbruester, Juergen"]
[Result "1/2-1/2"]
[WhiteElo "1983"]
[BlackElo "1600"]
[PlyCount "56"]
[EventDate "2011.05.03"]
[EventType "team"]
[EventRounds "9"]
[EventCountry "GRE"]
[WhiteTeam "Belgium"]
[BlackTeam "Sportfreunde, Katernberg"]

1.d4 Nf6 2.c4 g6 3.Nc3 d5 4.Nf3 Bg7 5.cxd5 Nxd5 6.Bg5 Nxc3 7.bxc3 c5 8.Qd2 Qa5
9.e3 cxd4 10.exd4 Bg4 11.Be2 Nd7 12.O-O Rc8 13.Rab1 b6 14.Rfc1 Nf6 15.Rb5 Qa3
16.Rb3 Qd6 17.Bb5+ Bd7 18.Bf4 Qd5 19.Ba6 O-O 20.c4 Qf5 21.Bxc8 Rxc8 22.Ne5 Be6
23.f3 Nh5 24.g3 f6 25.Ng4 Nxf4 26.Qxf4 Qxf4 27.gxf4 Rxc4 28.Rxc4 Bxc4 1/2-1/2

[Event "European Seniors Teams Ch."]
[Site "Olympus"]
[Date "2011.05.08"]
[Round "6"]
[Board "1"]
[White "Malmdin, Nils-Ake"]
[Black "Pritchett, Craig W"]
[Result "1/2-1/2"]
[WhiteElo "2278"]
[BlackElo "2327"]
[PlyCount "79"]
[EventDate "2011.05.03"]
[EventType "team"]
[EventRounds "9"]
[EventCountry "GRE"]
[WhiteTeam "Sweden 1"]
[BlackTeam "Scotland"]

1.e4 c5 2.Nf3 e6 3.Nc3 a6 4.d4 cxd4 5.Nxd4 Qc7 6.Bd3 Nc6 7.Be3 b5 8.Nxc6 Qxc6
9.O-O Bb7 10.f3 Bc5 11.Qe1 Nf6 12.Kh1 Bxe3 13.Qxe3 d6 14.a4 b4 15.Na2 Qc5 16.Qd2
a5 17.c3 bxc3 18.Nxc3 O-O 19.Bb5 Rfd8 20.Rac1 Qb4 21.Qf2 d5 22.e5 Nd7 23.f4 g6
24.Na2 Qe4 25.Rfe1 Qf5 26.Rc7 Bc8 27.Qh4 f6 28.exf6 Qxf6 29.Qh6 Qf8 30.Qg5 Nf6
31.Nc3 d4 32.Nd1 d3 33.h3 d2 34.Re5 Nd5 35.Rc4 Ne7 36.Rc7 Nd5 37.Rc4 Ne7 38.Rc7
Nd5 39.Rc4 Ne7 40.Rc7 1/2-1/2

[Event "European Seniors Teams Ch."]
[Site "Olympus"]
[Date "2011.05.08"]
[Round "6"]
[Board "2"]
[White "Jamieson, Peter M"]
[Black "Petersson, Gosta"]
[Result "0-1"]
[WhiteElo "2277"]
[BlackElo "2113"]
[PlyCount "84"]
[EventDate "2011.05.03"]
[EventType "team"]
[EventRounds "9"]
[EventCountry "GRE"]
[WhiteTeam "Scotland"]
[BlackTeam "Sweden 1"]

1.d4 d5 2.c4 Bf5 3.cxd5 Bxb1 4.Rxb1 Qxd5 5.Qa4+ Nd7 6.Nf3 e6 7.e3 c6 8.Bd2 Ngf6
9.Be2 Ne4 10.O-O Be7 11.Bb4 Nb6 12.Qa5 Bxb4 13.Qxb4 Qd6 14.Qa5 Qd5 15.Qa3 Qd6
16.Qd3 Qd5 17.Ne5 Nf6 18.Qa3 Qd8 19.b4 Qe7 20.Qb3 Ne4 21.Qc2 Nd6 22.a4 Nd7 23.b5
cxb5 24.axb5 Nb6 25.Rfc1 O-O 26.Qa2 Rfd8 27.Bf3 a5 28.bxa6 Rxa6 29.Qe2 Rda8
30.g3 g6 31.Nd3 R8a7 32.Nc5 Ra2 33.Rc2 Ra1 34.Qe1 Rxb1 35.Qxb1 Nbc4 36.Nxb7 Na3
37.Qb6 Rxb7 38.Bxb7 Nxc2 39.Bc6 Na3 40.e4 Ndc4 41.Qb8+ Kg7 42.d5 e5 0-1

[Event "European Seniors Teams Ch."]
[Site "Olympus"]
[Date "2011.05.08"]
[Round "6"]
[Board "3"]
[White "Svensson, Soren"]
[Black "Borwell, Alan P"]
[Result "0-1"]
[WhiteElo "2109"]
[BlackElo "2056"]
[PlyCount "108"]
[EventDate "2011.05.03"]
[EventType "team"]
[EventRounds "9"]
[EventCountry "GRE"]
[WhiteTeam "Sweden 1"]
[BlackTeam "Scotland"]

1.d4 Nf6 2.c4 e6 3.Nf3 b6 4.a3 Bb7 5.Nc3 Ne4 6.Nxe4 Bxe4 7.Nd2 Bb7 8.e4 Be7
9.Bd3 d6 10.Qg4 O-O 11.Nf3 e5 12.Bh6 Bf6 13.O-O-O Qe7 14.Be3 a5 15.h4 Bc8 16.Qg3
h5 17.Rd2 a4 18.Bg5 Nc6 19.dxe5 dxe5 20.Bxf6 Qxf6 21.Qg5 Qxg5 22.hxg5 g6 23.Be2
Be6 24.Kc2 Rfd8 25.Rhd1 Rxd2+ 26.Rxd2 Ra5 27.Kc3 Rc5 28.b4 axb3 29.Kxb3 Bxc4+
30.Bxc4 Na5+ 31.Kc3 Rxc4+ 32.Kd3 Rc5 33.Ke2 Kf8 34.Rd5 Rxd5 35.exd5 e4 36.Ne5
Nb7 37.Nd7+ Ke7 38.Nf6 Kd6 39.Ke3 Ke5 40.Ne8 Kxd5 41.Nxc7+ Ke5 42.Na8 b5 43.Nc7
Nd6 44.Kd2 Kd4 45.Na6 Nc4+ 46.Kc1 Nxa3 47.Nb8 Nc4 48.Nc6+ Kc3 49.Na7 Nd6 50.Nc6
b4 51.Ne7 b3 52.Nd5+ Kd4 53.Ne3 Kd3 54.Nd5 Ke2 0-1

[Event "European Seniors Teams Ch."]
[Site "Olympus"]
[Date "2011.05.08"]
[Round "6"]
[Board "4"]
[White "Mckerracher, Douglas"]
[Black "Sandklef, Ake"]
[Result "1-0"]
[WhiteElo "1945"]
[BlackElo "2017"]
[PlyCount "79"]
[EventDate "2011.05.03"]
[EventType "team"]
[EventRounds "9"]
[EventCountry "GRE"]
[WhiteTeam "Scotland"]
[BlackTeam "Sweden 1"]

1.e4 e6 2.d3 Ne7 3.g3 g6 4.Bg2 Bg7 5.Nf3 d5 6.Nbd2 c5 7.O-O O-O 8.Re1 Nbc6 9.a3
b6 10.Rb1 a5 11.a4 Ba6 12.b3 Ra7 13.exd5 Nxd5 14.Bb2 Bxb2 15.Rxb2 Nc3 16.Qc1 Nb4
17.Ne4 Nxe4 18.dxe4 Rd7 19.Rb1 Qf6 20.e5 Qf5 21.Qh6 f6 22.Rbd1 Re7 23.Rd6 fxe5
24.Rxe5 Qxc2 25.Rdxe6 Ref7 26.Re8 Nd3 27.Rxf8+ Rxf8 28.Re7 Qc1+ 29.Qxc1 Nxc1
30.Ng5 Ne2+ 31.Kh1 Rd8 32.h4 Rd1+ 33.Kh2 h6 34.Ne6 Nd4 35.Nc7 Be2 36.Bd5+ Kh8
37.Ne8 Nf3+ 38.Bxf3 Bxf3 39.g4 Bxg4 40.Nf6 1-0

[Event "European Seniors Teams Ch."]
[Site "Olympus"]
[Date "2011.05.08"]
[Round "6"]
[Board "2"]
[White "Kugelmann, Werner"]
[Black "James, Geoffrey H"]
[Result "0-1"]
[WhiteElo "2226"]
[BlackElo "2207"]
[PlyCount "33"]
[EventDate "2011.05.03"]
[EventType "team"]
[EventRounds "9"]
[EventCountry "GRE"]
[WhiteTeam "Stiftung BSW DBAG 1"]
[BlackTeam "England 1"]

1.e4 e5 2.Nf3 Nc6 3.Bb5 a6 4.Ba4 d6 5.O-O Bd7 6.c3 g6 7.d4 Bg7 8.Bg5 Nge7 9.dxe5
dxe5 10.Nbd2 O-O 11.Bb3 h6 12.Bh4 Kh7 13.Bc2 Be6 14.Qe2 f6 15.Bg3 Qe8 16.Ne1 g5
17.h4 0-1

[Event "European Seniors Teams Ch."]
[Site "Olympus"]
[Date "2011.05.08"]
[Round "6"]
[Board "3"]
[White "Norman, Kenneth I"]
[Black "Fleuch, Hans-Juergen"]
[Result "1/2-1/2"]
[WhiteElo "2188"]
[BlackElo "2078"]
[PlyCount "38"]
[EventDate "2011.05.03"]
[EventType "team"]
[EventRounds "9"]
[EventCountry "GRE"]
[WhiteTeam "England 1"]
[BlackTeam "Stiftung BSW DBAG 1"]

1.Nf3 Nf6 2.c4 d6 3.d4 c6 4.g3 g6 5.Bg2 Bg7 6.Nc3 O-O 7.h3 d5 8.cxd5 cxd5 9.Ne5
Be6 10.Bf4 Nc6 11.Nxc6 bxc6 12.Rc1 Nh5 13.Be3 Qb8 14.Qd2 f5 15.Na4 f4 16.gxf4
Qd6 17.Nc5 Bh6 18.Nd3 Bd7 19.Bf3 Nxf4 1/2-1/2

[Event "European Seniors Teams Ch."]
[Site "Olympus"]
[Date "2011.05.08"]
[Round "6"]
[Board "4"]
[White "Hollstein, Joachim"]
[Black "Singleton, Michael P F"]
[Result "1/2-1/2"]
[WhiteElo "2075"]
[BlackElo "2162"]
[PlyCount "63"]
[EventDate "2011.05.03"]
[EventType "team"]
[EventRounds "9"]
[EventCountry "GRE"]
[WhiteTeam "Stiftung BSW DBAG 1"]
[BlackTeam "England 1"]

1.d4 Nf6 2.Nf3 g6 3.Nc3 d5 4.Bf4 Bg7 5.Qd2 O-O 6.h4 h5 7.O-O-O c6 8.Ng5 b5 9.e3
Nbd7 10.f3 Nb6 11.Kb1 b4 12.Ne2 a5 13.Nc1 Ne8 14.e4 f6 15.Nh3 Nd6 16.Qe1 Nbc4
17.Nf2 Qb6 18.Nb3 a4 19.Nc5 e5 20.Be3 Nxe3 21.Qxe3 exd4 22.Qxd4 f5 23.e5 Nb5
24.Bxb5 Qxb5 25.f4 Re8 26.Nfd3 Ra5 27.b3 axb3 28.cxb3 Bf8 29.Rc1 Ba6 30.Rhd1 Ra8
31.Rc2 Qb6 32.Qf2 1/2-1/2

[Event "European Seniors Teams Ch."]
[Site "Olympus"]
[Date "2011.05.08"]
[Round "6"]
[Board "1"]
[White "Titz, Heimo"]
[Black "Einarsson, Arnthor"]
[Result "0-1"]
[WhiteElo "2183"]
[BlackElo "2227"]
[PlyCount "60"]
[EventDate "2011.05.03"]
[EventType "team"]
[EventRounds "9"]
[EventCountry "GRE"]
[WhiteTeam "Niederoesterreich"]
[BlackTeam "Polar Bears Iceland"]

1.c4 e5 2.Nc3 Nc6 3.g3 g6 4.Bg2 Bg7 5.Nf3 d6 6.O-O Be6 7.d3 h6 8.Rb1 Qd7 9.b4 f5
10.b5 Nd8 11.Qb3 Ne7 12.Nd5 O-O 13.a4 Nxd5 14.cxd5 Bf7 15.Nd2 b6 16.Qc4 Nb7
17.Nb3 Nc5 18.Bd2 Rae8 19.Ra1 Kh7 20.a5 Nxb3 21.Qxb3 bxa5 22.Rxa5 Rb8 23.Rc1 a6
24.Rc6 Qxc6 25.dxc6 Bxb3 26.bxa6 Rb6 27.a7 Ra8 28.Bc1 Be6 29.Be3 Rb1+ 30.Bf1 f4 0-1

[Event "European Seniors Teams Ch."]
[Site "Olympus"]
[Date "2011.05.08"]
[Round "6"]
[Board "2"]
[White "Gunnarsson, Gunnar K"]
[Black "Winiwarter, Felix"]
[Result "1-0"]
[WhiteElo "2209"]
[BlackElo "2167"]
[PlyCount "57"]
[EventDate "2011.05.03"]
[EventType "team"]
[EventRounds "9"]
[EventCountry "GRE"]
[WhiteTeam "Polar Bears Iceland"]
[BlackTeam "Niederoesterreich"]

1.Nf3 Nf6 2.c4 g6 3.Nc3 Bg7 4.g3 O-O 5.Bg2 d6 6.O-O Nc6 7.d3 e5 8.Rb1 a5 9.a3
Bg4 10.b4 axb4 11.axb4 Qd7 12.Re1 Rfe8 13.b5 Nd8 14.Bb2 Ne6 15.Ra1 Nc5 16.Qc2 h6
17.Nd2 Rxa1 18.Rxa1 Bh3 19.Bh1 Qf5 20.Nde4 Ng4 21.Bf3 b6 22.Nxc5 bxc5 23.Ra7 h5
24.Nd5 h4 25.Rxc7 hxg3 26.hxg3 Qh5 27.b6 e4 28.dxe4 Qg5 29.Nf4 1-0

[Event "European Seniors Teams Ch."]
[Site "Olympus"]
[Date "2011.05.08"]
[Round "6"]
[Board "3"]
[White "Weinwurm, Wolfgang"]
[Black "Finnlaugsson, Gunnar"]
[Result "0-1"]
[WhiteElo "2190"]
[BlackElo "2075"]
[PlyCount "60"]
[EventDate "2011.05.03"]
[EventType "team"]
[EventRounds "9"]
[EventCountry "GRE"]
[WhiteTeam "Niederoesterreich"]
[BlackTeam "Polar Bears Iceland"]

1.e4 e6 2.d4 d5 3.Nc3 Bb4 4.e5 c5 5.a3 Bxc3+ 6.bxc3 Ne7 7.Nf3 Bd7 8.Be2 Qa5
9.Bd2 Nbc6 10.O-O f6 11.c4 Qc7 12.cxd5 Nxd5 13.c4 Nde7 14.exf6 gxf6 15.Bc3 cxd4
16.Nxd4 Nxd4 17.Qxd4 e5 18.Qh4 O-O-O 19.Qxf6 Ng6 20.Rad1 Ba4 21.Bg4+ Kb8
22.Rxd8+ Rxd8 23.Re1 Re8 24.Be6 Qd6 25.Qg7 Qxe6 26.Qxh7 Bc6 27.Qh5 Kc8 28.Bd2
Rh8 29.Qg5 Rg8 30.g3 Qh3 0-1

[Event "European Seniors Teams Ch."]
[Site "Olympus"]
[Date "2011.05.08"]
[Round "6"]
[Board "4"]
[White "Kristjansson, Sigurdur"]
[Black "Strobel, Ferdinand"]
[Result "0-1"]
[WhiteElo "1945"]
[BlackElo "2128"]
[PlyCount "64"]
[EventDate "2011.05.03"]
[EventType "team"]
[EventRounds "9"]
[EventCountry "GRE"]
[WhiteTeam "Polar Bears Iceland"]
[BlackTeam "Niederoesterreich"]

1.c4 f5 2.g3 Nf6 3.Nf3 d6 4.Bg2 e5 5.O-O g6 6.d3 Bg7 7.Nc3 O-O 8.e4 Nc6 9.Ne1
Be6 10.Nd5 Qd7 11.f3 Nd4 12.Be3 c6 13.Nxf6+ Bxf6 14.Bxd4 exd4 15.f4 Rfe8 16.b3
Re7 17.Rc1 fxe4 18.Bxe4 Rae8 19.Ng2 Bh3 20.Qf3 Kg7 21.Rc2 d5 22.cxd5 cxd5
23.Bxd5 Bg4 24.Bc6 bxc6 25.Qxc6 Qxc6 26.Rxc6 Be2 27.Rfc1 Bxd3 28.Rc7 Rxc7
29.Rxc7+ Re7 30.Rc1 Be4 31.Ne1 d3 32.Rd1 Rd7 0-1

[Event "European Seniors Teams Ch."]
[Site "Olympus"]
[Date "2011.05.08"]
[Round "6"]
[Board "1"]
[White "Skalkotas, Nikolaos"]
[Black "Pekun, Cem"]
[Result "1/2-1/2"]
[WhiteElo "2183"]
[BlackElo "2151"]
[PlyCount "49"]
[EventDate "2011.05.03"]
[EventType "team"]
[EventRounds "9"]
[EventCountry "GRE"]
[WhiteTeam "Greece"]
[BlackTeam "Turkey"]

1.c4 Nf6 2.Nf3 g6 3.Nc3 Bg7 4.d4 O-O 5.Bg5 c5 6.e3 d6 7.Be2 Nc6 8.d5 Nb8 9.e4
Bg4 10.O-O Bxf3 11.Bxf3 Nbd7 12.Qd2 a6 13.a4 Qa5 14.Be2 Rfe8 15.Qc2 e6 16.Bd2
Qc7 17.Rfe1 exd5 18.exd5 Re7 19.Bf1 Rae8 20.Rxe7 Rxe7 21.h3 h6 22.Re1 Qd8
23.Rxe7 Qxe7 24.Qc1 h5 25.Qe1 1/2-1/2

[Event "European Seniors Teams Ch."]
[Site "Olympus"]
[Date "2011.05.08"]
[Round "6"]
[Board "2"]
[White "Muratoglu, Salih"]
[Black "Tsomis, Dimitrios"]
[Result "0-1"]
[WhiteElo "2068"]
[BlackElo "2187"]
[PlyCount "84"]
[EventDate "2011.05.03"]
[EventType "team"]
[EventRounds "9"]
[EventCountry "GRE"]
[WhiteTeam "Turkey"]
[BlackTeam "Greece"]

1.d4 Nf6 2.c4 e6 3.Nf3 c5 4.e3 b6 5.Nc3 Bb7 6.Be2 d6 7.O-O Be7 8.dxc5 bxc5 9.a4
Nc6 10.Ne1 O-O 11.Bf3 Rb8 12.a5 Nxa5 13.Bxb7 Rxb7 14.Qf3 Rb8 15.Ra4 Nb3 16.Nd3
Qc7 17.e4 e5 18.Be3 Rb7 19.Rd1 Nd4 20.Bxd4 cxd4 21.Nb5 Qc6 22.Rda1 a5 23.Re1 Bd8
24.b3 Nd7 25.Qg4 g6 26.f4 Nc5 27.Nxc5 Qxc5 28.Rd1 f5 29.exf5 Rxf5 30.fxe5 dxe5
31.Qe4 Rd7 32.Rd3 Rf4 33.Qa8 e4 34.g3 exd3 35.gxf4 Qh5 36.Ra1 d2 37.Qe4 d1=Q+
38.Rxd1 Qxd1+ 39.Kg2 Qg4+ 40.Kh1 Kg7 41.c5 Qf5 42.Qe2 Qd5+ 0-1